000 00363nam a22001217a 4500
008 180605b xxu||||| |||| 00| 0 eng d
041 _aeng
080 _a043.3
100 _a0
101 _aSHJ-BTH
245 _aNdërmjetësimi: Analizë e legjislacionit dhe përdorimit në Kosovë dhe rekomandime bazuar në eksperiencën e Be-së
_cGovori,Z
942 _2udc
_cBK
999 _c46311
_d46311